Catálogo

Memorias de una geisha / (Registro nro. 41058)

Detalles MARC
000 -LEADER
fixed length control field 01139cam a2200325 i 4500
001 - CONTROL NUMBER
control field 41058
003 - CONTROL NUMBER IDENTIFIER
control field Mx-PuUPA
005 - DATE AND TIME OF LATEST TRANSACTION
control field 20250219130240.0
008 - FIXED-LENGTH DATA ELEMENTS--GENERAL INFORMATION
fixed length control field 140415s2007 ag gr 000 f spa d
020 ## - INTERNATIONAL STANDARD BOOK NUMBER
International Standard Book Number 9789870407096
040 ## - CATALOGING SOURCE
Original cataloging agency Mx-PuUPA
Transcribing agency Mx-PuUPA
Language of cataloging spa
Modifying agency Mx-PuUPA
Description conventions rda
041 1# - LANGUAGE CODE
Language code of text/sound track or separate title spa
Language code of original eng
100 1# - MAIN ENTRY--PERSONAL NAME
Personal name Golden, Arthur,
Dates associated with a name 1957-
9 (RLIN) 16708
Relator term autor
240 10 - UNIFORM TITLE
Uniform title Memoirs of a geisha.
Language of a work Español
245 10 - TITLE STATEMENT
Title Memorias de una geisha /
Remainder of title
Statement of responsibility, etc. Arthur Golden ; de la traducción, Pilar Vázquez Álvarez
250 ## - EDITION STATEMENT
Edition statement Primera edición /
Remainder of edition statement mayo
264 #1 - PRODUCTION, PUBLICATION, DISTRIBUTION, MANUFACTURE, AND COPYRIGHT NOTICE
Place of production, publication, distribution, manufacture Buenos Aires, Argentina :
Name of producer, publisher, distributor, manufacturer Aguilar,
Date of production, publication, distribution, manufacture, or copyright notice 2007
300 ## - PHYSICAL DESCRIPTION
Extent 414 páginas ;
Dimensions 22 cm
336 ## - CONTENT TYPE
Fuente rdacontent
Content type term texto
Content type code txt
337 ## - MEDIA TYPE
Source rdamedia
Media type term sin medio
Media type code n
338 ## - CARRIER TYPE
Source rdacarrier
Carrier type term volumen
Carrier type code nc
650 #7 - SUBJECT ADDED ENTRY--TOPICAL TERM
Source of heading or term armarc
9 (RLIN) 13986
Topical term or geographic name entry element Narrativa Estadounidense
650 #7 - SUBJECT ADDED ENTRY--TOPICAL TERM
Source of heading or term armarc
Topical term or geographic name entry element Novela romántica
765 0# - ORIGINAL LANGUAGE ENTRY
Main entry heading Golden, Arthur, 1957-
Title Memoirs of a geisha.
942 ## - ADDED ENTRY ELEMENTS (KOHA)
Koha item type Libro
Source of classification or shelving scheme Dewey Decimal Classification
Classification part 813
Item part G5618 2007
Suppress in OPAC
Existencias
Withdrawn status Lost status Source of classification or shelving scheme Damaged status Not for loan Collection code Home library Current library Shelving location Date acquired Source of acquisition Cost, normal purchase price Total Checkouts Total Renewals Full call number Barcode Date last seen Date last checked out Cost, replacement price Price effective from Koha item type
    Dewey Decimal Classification     General Biblioteca Karol Wojtyla Biblioteca Karol Wojtyla Sala general 03/12/2013 Donación 0.00 8 4 813 G5618 2007 45295 24/04/2026 27/03/2026 0.00 03/12/2013 Libro